header

Innovation and empire in Turkey (Record no. 23634)

MARC details
000 -LEADER
fixed length control field 01512nam a2200337Ia 4500
100 1# - MAIN ENTRY--AUTHOR NAME
Personal name Zorlu, Tuncay.
245 10 - TITLE STATEMENT
Title Innovation and empire in Turkey
260 ## - PUBLICATION, DISTRIBUTION, ETC. (IMPRINT)
Place of publication London ;
-- New York :
Name of publisher Tauris Academic Studies ;
Place of publication New York :
Name of publisher In the United States of America and Canada distributed by Palgrave Macmillan,
Year of publication 2008.
300 ## - PHYSICAL DESCRIPTION
Number of Pages ix, 258 p.
650 #0 - SUBJECT ADDED ENTRY--TOPICAL TERM
Topical Term Ships
Topical Term Ships
856 40 - ELECTRONIC LOCATION AND ACCESS
Uniform Resource Identifier http://site.ebrary.com/lib/rucke/Doc?id=10267556

No items available.

© 2026 Rongo University
Contact us: librarian | system librarian | Rongo university